Essentials of Business communication : (Record no. 1142)
[ view plain ]
| 000 -LEADER | |
|---|---|
| fixed length control field | 00665nam a2200229Ia 4500 |
| 003 - CONTROL NUMBER IDENTIFIER | |
| control field | BUBTL |
| 008 - FIXED-LENGTH DATA ELEMENTS--GENERAL INFORMATION | |
| fixed length control field | 151213s9999 xx 000 0 und d |
| 020 ## - INTERNATIONAL STANDARD BOOK NUMBER | |
| International Standard Book Number | 70149622 |
| 041 ## - LANGUAGE CODE | |
| Language code of text/sound track or separate title | English |
| 082 ## - DEWEY DECIMAL CLASSIFICATION NUMBER | |
| Classification number | 658.45/ P1708e/ 2002 |
| Item number | |
| 100 ## - MAIN ENTRY--PERSONAL NAME | |
| Personal name | Pal, Rajendra |
| 9 (RLIN) | 4391 |
| 245 ## - TITLE STATEMENT | |
| Title | Essentials of Business communication : |
| Statement of responsibility, etc. | Rajendra Pal & J. S. Karlahalli |
| 250 ## - EDITION STATEMENT | |
| Edition statement | 10th |
| 260 ## - PUBLICATION, DISTRIBUTION, ETC. (IMPRINT) | |
| Place of publication, distribution, etc. | New Delhi |
| Name of publisher, distributor, etc. | Sultan Cha & Sons |
| Date of publication, distribution, etc. | c2002 |
| 300 ## - PHYSICAL DESCRIPTION | |
| Extent | 1476 p. |
| Other physical details | 22cm . |
| Dimensions | Business . |
| 650 #0 - SUBJECT ADDED ENTRY--TOPICAL TERM | |
| Topical term or geographic name as entry element | Business |
| 9 (RLIN) | 61 |
| 650 ## - SUBJECT ADDED ENTRY--TOPICAL TERM | |
| Topical term or geographic name as entry element | Management |
| 700 ## - ADDED ENTRY--PERSONAL NAME | |
| Personal name | Rajendra Pal & J. S. Karlahalli |
| 9 (RLIN) | 5630 |
| 856 ## - ELECTRONIC LOCATION AND ACCESS | |
| Password | 0 |
| Logon | 0 |
| Link text | Download |
| 942 ## - ADDED ENTRY ELEMENTS (KOHA) | |
| Source of classification or shelving scheme | |
| Koha item type | Books |
| Withdrawn status | Lost status | Source of classification or shelving scheme | Damaged status | Not for loan | Collection code | Permanent location | Current location | Shelving location | Date acquired | Inventory number | Total Checkouts | Total Renewals | Full call number | Barcode | Date last seen | Date last checked out | Copy number | Price effective from | Koha item type | Checked out | Source of acquisition |
|---|---|---|---|---|---|---|---|---|---|---|---|---|---|---|---|---|---|---|---|---|---|
| Non-fiction | Bangladesh University of Business and Technology Library | Bangladesh University of Business and Technology Library | Management Stacks | 01/14/2018 | 6067 | 8 | 5 | 658.45/ P1708e/ 2002 | BUBTL-20036067 | 12/11/2023 | 12/03/2023 | C-1 | 01/14/2018 | Books | |||||||
| Not For Loan | Non-fiction | Bangladesh University of Business and Technology Library | Bangladesh University of Business and Technology Library | Management Stacks | 01/14/2018 | 6071 | 658.45 PAB | BUBTL-20036071 | 01/14/2018 | C-2 | 01/14/2018 | Books | |||||||||
| Non-fiction | Bangladesh University of Business and Technology Library | Bangladesh University of Business and Technology Library | Management Stacks | 01/14/2018 | 6058 | 1 | 2 | 658.45 PAB | BUBTL-20036058 | 12/19/2021 | 02/12/2020 | C-3 | 01/14/2018 | Books | |||||||
| Non-fiction | Bangladesh University of Business and Technology Library | Bangladesh University of Business and Technology Library | Management Stacks | 01/14/2018 | 1380 | 12 | 9 | 658.45 PAB | BUBTL-20031380 | 03/05/2023 | 02/26/2023 | C-4 | 01/14/2018 | Books | |||||||
| Non-fiction | Bangladesh University of Business and Technology Library | Bangladesh University of Business and Technology Library | Management Stacks | 01/14/2018 | 2154 | 3 | 3 | 658.45 PAB | BUBTL-20032154 | 01/04/2022 | 01/04/2022 | C-5 | 01/14/2018 | Books | 04/28/2022 | ||||||
| Non-fiction | Bangladesh University of Business and Technology Library | Bangladesh University of Business and Technology Library | Management Stacks | 01/14/2018 | 6063 | 5 | 2 | 658.45/ P1708e/ 2002 | BUBTL-20036063 | 03/05/2023 | 02/26/2023 | C-6 | 01/14/2018 | Books | |||||||
| Non-fiction | Bangladesh University of Business and Technology Library | Bangladesh University of Business and Technology Library | Management Stacks | 09/14/2012 | 14060 | 11 | 3 | 658.45 PAB | BUBTL-200314060 | 12/06/2023 | 12/03/2023 | C-7 | 02/12/2020 | Books | Purchase | ||||||
| Non-fiction | Bangladesh University of Business and Technology Library | Bangladesh University of Business and Technology Library | Mathematics Stacks | 06/06/2007 | 4159 | 4 | 2 | 658.45 PAB | BUBTL-20034159 | 01/26/2023 | 01/18/2023 | C-8 | 02/12/2020 | Books | Purchase | ||||||
| Non-fiction | Bangladesh University of Business and Technology Library | Bangladesh University of Business and Technology Library | Management Stacks | 11/08/2008 | 6065 | 2 | 2 | 658.45 PAB | BUBTL-20036065 | 10/05/2023 | 10/03/2023 | C-9 | 02/12/2020 | Books | Purchase | ||||||
| Non-fiction | Bangladesh University of Business and Technology Library | Bangladesh University of Business and Technology Library | Management Stacks | 04/12/2012 | 2936 | 2 | 2 | 658.45 PAB | BUBTL-20032936 | 09/26/2023 | 03/16/2020 | C-10 | 02/12/2020 | Books | Purchase | ||||||
| Non-fiction | Bangladesh University of Business and Technology Library | Bangladesh University of Business and Technology Library | Management Stacks | 02/14/2006 | 1379 | 1 | 658.45 PAB | BUBTL-20031379 | 11/02/2021 | 03/03/2020 | C-11 | 02/17/2020 | Books | Purchase | |||||||
| Non-fiction | Bangladesh University of Business and Technology Library | Bangladesh University of Business and Technology Library | Management Stacks | 11/08/2008 | 6066 | 1 | 658.45 PAB | BUBTL-20036066 | 03/02/2020 | 02/24/2020 | C-12 | 02/17/2020 | Books | ||||||||
| Non-fiction | Bangladesh University of Business and Technology Library | Bangladesh University of Business and Technology Library | Management Stacks | 08/26/2002 | 964 | 1 | 1 | 658.45 PAB | BUBTL-2003964 | 03/02/2020 | 02/24/2020 | C-13 | 02/17/2020 | Books | Purchase | ||||||
| Non-fiction | Bangladesh University of Business and Technology Library | Bangladesh University of Business and Technology Library | Management Stacks | 02/17/2020 | 2150 | 1 | 2 | 658.45 PAB | BUBTL-20032150 | 02/18/2020 | 02/18/2020 | C-14 | 02/17/2020 | Books | 04/30/2020 | Purchase | |||||
| Non-fiction | Bangladesh University of Business and Technology Library | Bangladesh University of Business and Technology Library | Management Stacks | 11/08/2008 | 6059 | 1 | 1 | 658.45 PAB | BUBTL-20036059 | 02/07/2024 | 02/18/2020 | C-15 | 02/17/2020 | Books | Purchase | ||||||
| Non-fiction | Bangladesh University of Business and Technology Library | Bangladesh University of Business and Technology Library | Management Stacks | 05/17/2005 | 2153 | 4 | 1 | 658.45 PAB | BUBTL-20032153 | 02/15/2023 | 02/06/2023 | C-16 | 02/17/2020 | Books | Purchase | ||||||
| Non-fiction | Bangladesh University of Business and Technology Library | Bangladesh University of Business and Technology Library | Management Stacks | 05/17/2005 | 2158 | 3 | 1 | 658.45 PAB | BUBTL-20032158 | 01/25/2023 | 01/18/2023 | C-17 | 02/17/2020 | Books | Purchase | ||||||
| Non-fiction | Bangladesh University of Business and Technology Library | Bangladesh University of Business and Technology Library | Management Stacks | 06/08/2020 | 6068 | 13 | 658.45 PAB | BUBTL-20036068 | 10/05/2023 | 10/03/2023 | C-18 | 06/08/2020 | Books | ||||||||
| Non-fiction | Bangladesh University of Business and Technology Library | Bangladesh University of Business and Technology Library | Management Stacks | 11/10/2020 | 14062 | 1 | 658.45 PAB | BUBTL-200314062 | 06/24/2021 | 12/24/2020 | C-19 | 11/10/2020 | Books | ||||||||
| Non-fiction | Bangladesh University of Business and Technology Library | Bangladesh University of Business and Technology Library | Management Stacks | 09/12/2014 | 14063 | 8 | 658.45 PAB | BUBTL-200314063 | 01/17/2024 | 01/14/2024 | C-20 | 01/04/2022 | Books |
